Dr. Seuss en Español Quiz Stats

 Plays Quiz Updated Jul 8, 2016

Challenge
Share
Tweet
Embed
Score 0/12 Timer 04:00
0 Plays Today
Titulo en Español Title in English % Correct
Huevos verdes con jamónGreen Eggs and Ham
96.6%
El gato ensombreradoThe Cat in the Hat
93.9%
Un pez, dos peces, pez rojo, pez azulOne Fish, Two Fish, Red Fish, Blue Fish
91.4%
¡Como el Grinch robó la Navidad!How the Grinch Stole Christmas
89.1%
¡Horton escucha a quién!Horton Hears a Who!
86.3%
Yoruga la TortugaYertle the Turtle
64.2%
¡Oh, cúan lejos llegarás!Oh, the Places You'll Go!
54.4%
El gato con sombrero viene de nuevo The Cat in the Hat Comes Back
47.4%
Zorro en calcetinesFox in Socks
35%
Hay un molillo en mi bolsilloThere's a Wocket in my Pocket
27.6%
¡Yo puedo leer con los ojos cerrados!I Can Read with My Eyes Shut!
18.6%
Y pensar que lo vi por la calle PorvenirAnd to Think That I Saw It on Mulberry Street
15.8%

You're not logged in!

Compare scores with friends on all Sporcle quizzes.
Join for Free
OR
Log In

You Might Also Like...

Show Comments

Extras

Top Quizzes Today


Score Distribution

Your Account Isn't Verified!

In order to create a playlist on Sporcle, you need to verify the email address you used during registration. Go to your Sporcle Settings to finish the process.

Report this User

Report this user for behavior that violates our Community Guidelines.

Details: